| 000 | 00445nam a2200181Ia 4500 | ||
|---|---|---|---|
| 005 | 20240826030220.0 | ||
| 008 | 240331s9999 xx 000 0 und d | ||
| 020 | _a8170461391 | ||
| 082 |
_bMOT _a800 |
||
| 100 | _aBandyopadhyay, S. Tr. | ||
| 245 | 0 |
_aMother of 1084 : _bMahasweta Devi |
|
| 260 |
_aCalcutta _bSeagull Books _c1997 |
||
| 300 | _axx, 130 p ., | ||
| 650 | _aPolitics | ||
| 650 | _aSociety | ||
| 650 | _aHypocritical | ||
| 942 | _cL | ||
| 999 |
_c3068 _d3068 |
||